00678nam a2200181Ia 450000500170000000800410001702000250005804000190008304100120010208200170011424501480013126000450027930000160032450400410034065000830038165100220046485000100048620230420094429.0131103s9999 xx 000 0 und d a198077580cRs.695.00 aLoreto College aEnglish a338.954bIND aIndia human development report 2011b Towards social inclusion cInstitute of Applied Manpower Research,Planning Commission,Government of India aNew DelhibOxford University Pressc2011 axxiii,418p  aIncludes bibliographical references  aInstitute of Applied Manpower Research,Planning Commission,Government of India aDevelopment-India aLCLIB